Mattondu mauna kanive: parisara sambandhi barahagalu. (Record no. 101712)

MARC details
000 -LEADER
fixed length control field 00746nam a2200205Ia 4500
003 - CONTROL NUMBER IDENTIFIER
control field OSt
005 - DATE AND TIME OF LATEST TRANSACTION
control field 20260602105633.0
008 - FIXED-LENGTH DATA ELEMENTS--GENERAL INFORMATION
fixed length control field 210210b1977 xxu||||| |||| 00| 0 eng d
040 ## - CATALOGING SOURCE
Transcribing agency AL
041 ## - LANGUAGE CODE
Language code of text/sound track or separate title Kannada
082 ## - DEWEY DECIMAL CLASSIFICATION NUMBER
Classification number 574.5K SATM
100 ## - MAIN ENTRY--PERSONAL NAME
Personal name SATISH CHAPPARIKE & YALLAPPA REDDI (A Na).
Dates associated with a name ಸತೀಶ್ ಚಪ್ಪರಿಕೆ & ಯಲ್ಲಪ್ಪ ರೆಡ್ಡಿ (ಅ ನ )
9 (RLIN) 264960
245 ## - TITLE STATEMENT
Title Mattondu mauna kanive: parisara sambandhi barahagalu.
Remainder of title ಮತ್ತೊಂದು ಮೌನ ಕಣಿವೆ: ಪರಿಸರ ಸಂಬಂಧಿ ಬರಹಗಳು
260 ## - PUBLICATION, DISTRIBUTION, ETC.
Place of publication, distribution, etc. Sagara
Name of publisher, distributor, etc. Akshara Prakashana
Date of publication, distribution, etc. 1977
300 ## - PHYSICAL DESCRIPTION
Extent 83
650 ## - SUBJECT ADDED ENTRY--TOPICAL TERM
Topical term or geographic name entry element Parisara
9 (RLIN) 264961
690 ## - LOCAL SUBJECT ADDED ENTRY--TOPICAL TERM (OCLC, RLIN)
Topical term or geographic name as entry element Ecology
9 (RLIN) 264962
906 ## - LOCAL DATA ELEMENT F, LDF (RLIN)
a 053306
942 ## - ADDED ENTRY ELEMENTS (KOHA)
Source of classification or shelving scheme Dewey Decimal Classification
Koha item type Book
Holdings
Withdrawn status Lost status Damaged status Not for loan Collection code Home library Current library Shelving location Date acquired Source of acquisition Cost, normal purchase price Total Checkouts Full call number Barcode Date last seen Price effective from Koha item type
          St Aloysius Library St Aloysius Library   02/17/2021 Athree Book Centre, Mangalore-01. 40.00   574.5K SATM 053306 02/17/2021 02/17/2021 Book